| 000 | 01066nam a2200181Ia 4500 | ||
|---|---|---|---|
| 999 |
_c8228 _d8228 |
||
| 005 | 20230608160910.0 | ||
| 008 | 230605s9999 xx 000 0 und d | ||
| 040 |
_aUPAN _cBiblioteca San Vicente _eRCAA2 |
||
| 041 | _aspa | ||
| 082 |
_a347 _bT466r |
||
| 100 |
_aTenorio, Jorge Eduardo _4aut. |
||
| 245 | 0 |
_aRetrato de la justicia/ _cJorge Eduardo Tenorio |
|
| 260 |
_aEl Salvador: _bCorte Suprema de Justicia, _c2003 |
||
| 300 |
_a110 p.; _c20 cm. |
||
| 505 | _aJusticia y transparencia desde una perspectiva centroamericana Situación actual y proyecciones de la justicia salvadoreña América Latina: Retos para la constitución del siglo XXI Cultura, violencia y justicia Desafíos del acceso a la justicia en El Salvador Presentación del Pórtico edición especial "Conmemoración del Cincuentenario de la Constitución de 1950" Liderazgo social y moral del juez en el Estado moderno El gremialismo con vista al futuro Oralidad en el Proceso Civil Palabras sobre la modernización y la justicia | ||
| 650 |
_2LEMB _vEnsayos _xJusticia |
||
| 942 |
_cBK _2ddc |
||